| 000 | 00553nam a2200157 4500 | ||
|---|---|---|---|
| 999 |
_c510065 _d510065 |
||
| 008 | 190723b ||||| |||| 00| 0 eng d | ||
| 100 |
_aBandi, Sayali _97228 |
||
| 245 | _aE-waste management in India - a comparison between e-waste (management & handling) rules, 2011 and e-waste (management) rules, 2016 | ||
| 260 | _c2019 | ||
| 300 | _ap.122-129. | ||
| 700 |
_aKag, Gopal _97229 |
||
| 700 |
_aJain, Kamlesh _97230 |
||
| 773 | _aPrestige International Journal of Management and Research | ||
| 906 | _aE-waste management - India | ||
| 942 |
_2ddc _cAR |
||